00354pab a2200133 454500008004000000100001800040245006800058260000900126300001300135362001100148650002300159700001800182773002000200180718b2011 xxu||||| |||| 00| 0 eng d aDorothy, J.S. aOpen learning as a learning mechanism in disability management. c2011 ap.14-17. a26 Dec aDistance education aAshwini Kumar aUniversity News